00584nam a2200157 i 450000100060000000300090000600700030001500800410001810000160005924502020007525000130027726000700029030000200036070000200038085200260040026337ES-MaACLt|030108m19161910fr ||||1| fre d1 aArthuys, F.10aTraité des sociétés commerciales conprenant un commentaire de la faillite et de la liquidation judiciare des sociétés / cpar F. Arthuys ; ouvrage suivi d'un formulaire de E. Leconturier. a3eme ed. aParís : b[s.n., c1916-17] (eBar-le-Duc : fContant Laguerre) a2 v. ; c23 cm.1 aLeconturier, E. aES-MaACLjB-5624-5625